| 000 | 00602nam a22002177a 4500 | ||
|---|---|---|---|
| 001 | 00028592 | ||
| 005 | 20260319143318.0 | ||
| 008 | 260319b ag ||||| |||| 00| 0 spa d | ||
| 020 | _a9789870418542 | ||
| 040 |
_aAR-CcCEOS _bspa _cAR-CcCEOS |
||
| 041 | _aspa | ||
| 080 | _a840-4 | ||
| 090 | _bARI | ||
| 100 | 1 |
_aAriès, Philippe, _d1914-1984 _9923 |
|
| 245 |
_aEl hombre ante la muerte / _cPhilippe Ariés |
||
| 250 | _a1a ed. | ||
| 260 |
_aBuenos Aires : _bAguilar, Altea, Taurus, Alfaguara, _c2011. |
||
| 300 |
_a728 p. ; _c24x15 cm. |
||
| 655 | 0 |
_aensayo frances _9779 |
|
| 942 |
_2udc _cBK _n0 |
||
| 999 |
_c28622 _d28622 |
||